[Event "Brasilia Terraviva op"]
[Site "Brasilia"]
[Date "2018.01.12"]
[Round "2"]
[White "Kurita, Rubens Massami"]
[Black "Pascual, Julia Figueiredo"]
[Result "1-0"]
[WhiteElo "1726"]
[BlackElo "1246"]
[PlyCount "35"]
[EventDate "2018.01.11"]
[EventType "swiss"]
[EventRounds "7"]
[EventCountry "BRA"]
[SourceTitle "CBM 182 Extra"]
[Source "ChessBase"]
[SourceDate "2018.02.23"]
[SourceVersion "1"]
[SourceVersionDate "2018.02.23"]
[SourceQuality "1"]

1. e4 e5 2. Nf3 Nc6 3. Bc4 Bc5 4. b4 Bxb4 5. c3 Bc5 6. d4 exd4 7. cxd4 Bb4+ 8. Bd2 Qe7 9. 0-0 Nf6 10. e5 Ne4 11. Bxb4 Qxb4 12. Qc2 0-0 13. a3 Qa5 14. Qxe4 b5 15. Bd3 g6 16. Qh4 Bb7 17. Qh6 f6 18. Bxg6 1-0

[Event "Brasilia Terraviva op"]
[Site "Brasilia"]
[Date "2017.01.08"]
[Round "5"]
[White "Nascimento, Pedro Henrique Alve"]
[Black "Kurita, Rubens Massami"]
[Result "1-0"]
[WhiteElo "1944"]
[BlackElo "1707"]
[PlyCount "69"]
[EventDate "2017.01.06"]
[EventType "swiss"]
[EventRounds "6"]
[EventCountry "BRA"]
[SourceTitle "CBM 176 Extra"]
[Source "ChessBase"]
[SourceDate "2017.03.02"]
[SourceVersion "1"]
[SourceVersionDate "2017.03.02"]
[SourceQuality "1"]

1. d4 Nf6 2. Bf4 d5 3. Nf3 Bf5 4. e3 e6 5. Nbd2 Bd6 6. Ne5 Nbd7 7. Be2 h6 8. 0-0 c5 9. Nxf7 Kxf7 10. Bxd6 Qb6 11. dxc5 Nxc5 12. Bxc5 Qxc5 13. Bd3 Bg4 14. Nf3 Qc7 15. h3 Bh5 16. g4 Bg6 17. Bxg6+ Kxg6 18. Qd3+ Kf7 19. Nh4 Ne4 20. f4 Rac8 21. Rac1 Rhd8 22. c4 Qa5 23. cxd5 Rxc1 24. Rxc1 exd5 25. Nf5 Rd7 26. Qd4 Kg6 27. Nh4+ Kh7 28. f5 Qd8 29. Ng6 h5 30. Kg2 Qb8 31. Qe5 Qd8 32. Qf4 Qa5 33. Rc2 Rf7 34. Qb8 Kh6 35. h4 1-0

[Event "Brasilia-ch op"]
[Site "Brasilia"]
[Date "2015.11.02"]
[Round "7"]
[White "De Moraes Silva, Marcos Vinicius"]
[Black "Kurita, Rubens Massami"]
[Result "1-0"]
[WhiteElo "1509"]
[BlackElo "1763"]
[PlyCount "97"]
[EventDate "2015.10.30"]
[EventType "swiss"]
[EventRounds "7"]
[EventCountry "BRA"]
[SourceTitle "CBM 169 Extra"]
[Source "ChessBase"]
[SourceDate "2015.12.18"]
[SourceVersion "1"]
[SourceVersionDate "2015.12.18"]
[SourceQuality "1"]

1. d4 Nf6 2. c4 c5 3. d5 b5 4. b3 g6 5. Bb2 Bg7 6. Qc2 bxc4 7. bxc4 d6 8. Nd2 0-0 9. e4 Nbd7 10. Ngf3 Rb8 11. Bc3 Qc7 12. Bd3 Ng4 13. h3 Nge5 14. Be2 Nxf3+ 15. Nxf3 Bxc3+ 16. Qxc3 Nf6 17. Nd2 Bd7 18. 0-0 Rb7 19. Bd3 Rfb8 20. Nb3 Ba4 21. Rab1 Nd7 22. f4 f6 23. Be2 Rb4 24. f5 g5 25. Qg3 Kh8 26. Kf2 Ne5 27. Nd2 Rxb1 28. Nxb1 Bc2 29. Nc3 Rb4 30. h4 g4 31. h5 Rb2 32. Kg1 Bxe4 33. Re1 Bxf5 34. Bxg4 Bxg4 35. Rxe5 dxe5 36. Qxg4 Qb8 37. d6 exd6 38. Qe6 Qf8 39. Ne4 Qg7 40. g3 Rxa2 41. h6 Qg6 42. Qc8+ Qg8 43. Qd7 Re2 44. Qe7 Re1+ 45. Kf2 Rf1+ 46. Kxf1 Qxc4+ 47. Kg1 Qc1+ 48. Kg2 Qc2+ 49. Nf2 1-0

[Event "Brasilia FBX op"]
[Site "Brasilia"]
[Date "2015.03.01"]
[Round "5"]
[White "De Oliveira, Francemir Barra"]
[Black "Kurita, Rubens Massami"]
[Result "1-0"]
[WhiteElo "1733"]
[BlackElo "1815"]
[PlyCount "61"]
[EventDate "2015.02.27"]
[EventType "swiss"]
[EventRounds "5"]
[EventCountry "BRA"]
[SourceTitle "CBM 165 Extra"]
[Source "ChessBase"]
[SourceDate "2015.04.21"]
[SourceVersion "1"]
[SourceVersionDate "2015.04.21"]
[SourceQuality "1"]

1. e4 e6 2. e5 c5 3. f4 d6 4. Nf3 Nc6 5. c3 dxe5 6. fxe5 Nxe5 7. Bb5+ Bd7 8. Bxd7+ Nxd7 9. 0-0 Ngf6 10. d3 Be7 11. Bg5 h6 12. Bh4 Qc7 13. Bf2 Ng4 14. g3 Ndf6 15. Nbd2 Nxf2 16. Rxf2 Ng4 17. Qa4+ b5 18. Qxg4 0-0-0 19. d4 f5 20. Qh3 g5 21. Qg2 Qb7 22. a4 b4 23. Nc4 Qc7 24. cxb4 cxd4 25. Rc2 Kb8 26. Na5 Qb6 27. Nc6+ Kc7 28. a5 Qa6 29. Nxd8+ Kxd8 30. Nxd4 Kd7 31. b5 1-0

[Event "Sao Paulo Hebraica op 17th"]
[Site "Sao Paulo"]
[Date "2014.01.12"]
[Round "6"]
[White "Kurita, Rubens Massami"]
[Black "Caldeira, Tiago Pereira"]
[Result "1/2-1/2"]
[WhiteElo "1825"]
[BlackElo "2058"]
[PlyCount "76"]
[EventDate "2014.01.09"]
[EventType "swiss"]
[EventRounds "6"]
[EventCountry "BRA"]
[SourceTitle "CBM 158 Extra"]
[Source "ChessBase"]
[SourceDate "2014.02.28"]
[SourceVersion "1"]
[SourceVersionDate "2014.02.28"]
[SourceQuality "1"]

1. e4 c5 2. Nf3 Nc6 3. c3 Nf6 4. e5 Nd5 5. d4 cxd4 6. cxd4 d6 7. Bc4 Nb6 8. Bb5 a6 9. Bxc6+ bxc6 10. h3 g6 11. 0-0 Bg7 12. Bf4 Nd5 13. Bh2 0-0 14. Nc3 Rb8 15. Rb1 Bf5 16. Rc1 Rxb2 17. Nxd5 cxd5 18. Qa4 dxe5 19. Nxe5 Qb6 20. a3 Qb5 21. Qxb5 Rxb5 22. g4 Be6 23. Rc7 Bf6 24. Nc6 Re8 25. Ra7 a5 26. a4 Rb6 27. Rc1 Kf8 28. Bc7 Rb2 29. Bxa5 Rc8 30. Bc7 Bd7 31. Ne5 Bxa4 32. Rxa4 Bxe5 33. dxe5 Rb7 34. Ra5 Rbxc7 35. Rxc7 Rxc7 36. Rxd5 Rc1+ 37. Kg2 Re1 38. Kg3 e6 1/2-1/2

[Event "Iracemapolis op 4th"]
[Site "Iracemapolis"]
[Date "2013.11.10"]
[Round "5"]
[White "Kurita, Rubens Massami"]
[Black "Lima, Igor Cirineu De Bar"]
[Result "1/2-1/2"]
[WhiteElo "1849"]
[BlackElo "1694"]
[PlyCount "90"]
[EventDate "2013.11.08"]
[EventType "swiss"]
[EventRounds "6"]
[EventCountry "BRA"]
[SourceTitle "CBM 157 Extra"]
[Source "ChessBase"]
[SourceDate "2013.12.19"]
[SourceVersion "1"]
[SourceVersionDate "2013.12.19"]
[SourceQuality "1"]

1. e4 e5 2. Nf3 Nc6 3. Bc4 Nf6 4. d3 Be7 5. c3 d6 6. h3 h6 7. 0-0 Bd7 8. Be3 0-0 9. Bb3 Nh7 10. d4 Ng5 11. Nbd2 Bf6 12. d5 Na5 13. Bc2 Bb5 14. Re1 Nc4 15. Nxc4 Bxc4 16. a4 b6 17. Nh2 Re8 18. Qg4 Ba6 19. h4 Bc8 20. Qg3 Nh7 21. Bxh6 Nf8 22. h5 Kh8 23. Bd2 Bh4 24. Qf3 Nh7 25. g3 Bf6 26. Qg2 Ng5 27. Bxg5 Bxg5 28. Nf3 Qf6 29. g4 Bd7 30. Nxg5 Qxg5 31. f3 g6 32. hxg6 fxg6 33. Kf2 Kg7 34. Ke2 Rh8 35. Rh1 Qf4 36. Rxh8 Rxh8 37. Rh1 Rxh1 38. Qxh1 Qg3 39. Qf1 Kf6 40. Qh1 Kg7 41. Qf1 Kf6 42. Qf2 Qxf2+ 43. Kxf2 g5 44. Ke3 Ke7 45. Bd3 Bxa4 1/2-1/2

[Event "Iracemapolis op 4th"]
[Site "Iracemapolis"]
[Date "2013.11.09"]
[Round "3"]
[White "Alves Campos, Mayra Fernanda"]
[Black "Kurita, Rubens Massami"]
[Result "0-1"]
[WhiteElo "1762"]
[BlackElo "1849"]
[PlyCount "54"]
[EventDate "2013.11.08"]
[EventType "swiss"]
[EventRounds "6"]
[EventCountry "BRA"]
[SourceTitle "CBM 157 Extra"]
[Source "ChessBase"]
[SourceDate "2013.12.19"]
[SourceVersion "1"]
[SourceVersionDate "2013.12.19"]
[SourceQuality "1"]

1. e4 e5 2. d4 exd4 3. Qxd4 Nc6 4. Qe3 Nf6 5. Nc3 Bb4 6. Bd2 0-0 7. 0-0-0 Re8 8. Bd3 d5 9. Qf4 Bxc3 10. Bxc3 Nxe4 11. Bxe4 Rxe4 12. Qg3 Rg4 13. Qf3 Qg5+ 14. Bd2 Qf5 15. Re1 Be6 16. Qb3 b6 17. Qc3 Rc4 18. Nf3 Rxc3 19. Bxc3 Rd8 20. Ne5 Nxe5 21. Bxe5 d4 22. g4 Qxf2 23. Rhf1 Qg2 24. Rg1 Qc6 25. g5 d3 26. Bc3 b5 27. a3 a5 0-1

[Event "BRA-ch Amateur"]
[Site "Sao Paulo"]
[Date "2013.02.10"]
[Round "3"]
[White "Kurita, Rubens Massami"]
[Black "Silva, Darcy Antonio1111"]
[Result "1/2-1/2"]
[WhiteElo "1812"]
[BlackElo "1543"]
[PlyCount "72"]
[EventDate "2013.02.09"]
[EventType "swiss"]
[EventRounds "7"]
[EventCountry "BRA"]
[SourceTitle "CBM 152 Extra"]
[Source "ChessBase"]
[SourceDate "2013.02.25"]
[SourceVersion "1"]
[SourceVersionDate "2013.02.25"]
[SourceQuality "1"]

1. e4 c6 2. d4 d5 3. Nd2 dxe4 4. Nxe4 Bf5 5. Ng3 Bg6 6. Nf3 Nd7 7. h4 h6 8. h5 Bh7 9. Bd3 Bxd3 10. Qxd3 Ngf6 11. Bd2 Qc7 12. 0-0-0 e6 13. Kb1 0-0-0 14. Ne4 Nxe4 15. Qxe4 Nf6 16. Qe2 Bd6 17. c4 Rhe8 18. Bc3 Nd7 19. Ne5 Nxe5 20. dxe5 Bc5 21. f4 Rd7 22. Rxd7 Qxd7 23. Rd1 Qc7 24. b4 Be7 25. Qg4 Rg8 26. f5 exf5 27. Qxf5+ Kb8 28. Rd7 Qc8 29. e6 fxe6 30. Qxe6 Bf6 31. Be5+ Ka8 32. Bxf6 gxf6 33. Qe7 Re8 34. Qg7 Rg8 35. Qe7 Re8 36. Qg7 Rg8 1/2-1/2